Welcome to the Holygrace Academy Library

Please use search bar below to get started

AWAKEN THE GIANT WITHIN (Record no. 5413)

MARC details
000 -LEADER
fixed length control field 00275nam a22001217a 4500
082 ## - DEWEY DECIMAL CLASSIFICATION NUMBER
Classification number 158
Item number ROB/A
100 ## - MAIN ENTRY--AUTHOR NAME
Personal name ROBINS,ANTHONY
245 ## - TITLE STATEMENT
Title AWAKEN THE GIANT WITHIN
260 ## - PUBLICATION, DISTRIBUTION, ETC. (IMPRINT)
Place of publication LONDON
Name of publisher POCKET BOOKS
300 ## - PHYSICAL DESCRIPTION
Number of Pages 538
650 ## - SUBJECT ADDED ENTRY--TOPICAL TERM
Topical Term PERSONALITY DEVELOPMENT
Geographic subdivision LONDON
942 ## - ADDED ENTRY ELEMENTS (KOHA)
Koha item type Books
Holdings
Withdrawn status Lost status Home library Current library Shelving location Date acquired Source of acquisition Full call number Accession Number Koha item type
    Main Library Main Library SHELF-17H-PERSONALITY DEVELOPMENT BOOKS 19/10/2012 PURCHASE 158 ROB/A 07027 Books